East Asia Map Quiz in Cantonese Syllables - Statistics

General Stats
  • This quiz has been taken 110 times
    106 since last reset
  • The average score is 13 of 19
Answers on the Map
Answers color-coded by a green-red scale on the quiz's map according to % correct below.
 
Answer Stats
Answer % Correct
Zung1 Gwok3
90%
Toi4 Waan1
88%
Jat6 Bun2
84%
Hoeng1 Gong2
79%
Jyut6 Naam4
79%
San1 Gaa3 Bo1
(Sing1 Gaa3 Bo1)
79%
Maa5 Loi4 Sai1 Aa3
75%
Naam4 Hon4 (Hon4 Gwok3)
75%
Bak1 Hon4 (Ziu1 Sin1)
74%
Fei1 Leot6 Ban1
73%
Taai3 Gwok3
71%
Jan3 Dou6 Nei4 Sai1 Aa3
(Jan3 Nei4)
70%
Mung4 Gu2
68%
Lou5 Wo1 (Liu4 Gwok3)
63%
Gaan2 Bou3 Zaai6
56%
Ou3 Mun2
56%
Dung1 Dai3 Man4
53%
Min5 Din6
44%
Man4 Loi4
38%
No matching quizzes found
Score Distribution
Percent of People with Each Score
Percentile by Number Answered
Your Score History
You have not taken this quiz since the last reset